Loading...
| History - American History | 0 | 6 | 1 | 0 | 55 | 70 | 112.33 | 0 | 0 |
| Fine Arts - Classical Music | 0 | 4 | 1 | 0 | 35 | 112 | 122.25 | 0 | 0 |
| Current Events | 0 | 3 | 0 | 0 | 30 | 94 | 106.67 | 0 | 0 |
| History - World History | 0 | 3 | 0 | 0 | 30 | 80 | 93.67 | 1 | 2 |
| Science - Other Science | 0 | 3 | 1 | 0 | 25 | 117 | 119.33 | 0 | 0 |
| History - European History | 0 | 3 | 1 | 0 | 25 | 50 | 103.00 | 0 | 2 |
| Geography | 0 | 2 | 0 | 1 | 20 | 132 | 134.00 | 0 | 0 |
| History - Other History | 0 | 2 | 0 | 0 | 20 | 57 | 72.50 | 1 | 2 |
| Religion | 0 | 2 | 0 | 0 | 20 | 104 | 113.00 | 0 | 0 |
| Science - Biology | 0 | 2 | 0 | 0 | 20 | 49 | 92.00 | 0 | 0 |
| Other Academic | 0 | 1 | 0 | 0 | 10 | 132 | 132.00 | 0 | 0 |
| Fine Arts - Other Fine Arts | 0 | 1 | 0 | 0 | 10 | 107 | 107.00 | 0 | 1 |
| Literature - British Literature | 0 | 1 | 0 | 1 | 10 | 158 | 158.00 | 0 | 0 |
| Philosophy | 0 | 1 | 0 | 0 | 10 | 115 | 115.00 | 0 | 0 |
| Science - Chemistry | 0 | 0 | 0 | 0 | 0 | 0.00 | 0 | 0 | |
| Social Science | 0 | 0 | 1 | 0 | -5 | 0.00 | 0 | 0 | |
| Fine Arts - Painting & Sculpture | 0 | 0 | 1 | 0 | -5 | 0.00 | 0 | 0 |